[Event "Africa zt 4.4 op"]
[Site "Antananarivo"]
[Date "2024.01.15"]
[Round "6"]
[White "Ghebrehiwet, Hannil Ghebremedhn"]
[Black "Magana, Ben"]
[Result "0-1"]
[WhiteElo "1874"]
[BlackElo "1995"]
[PlyCount "94"]
[EventDate "2024.01.11"]
[EventType "swiss"]
[EventRounds "9"]
[EventCountry "MAD"]
[SourceTitle "CB05_2024"]
[SourceDate "2024.01.31"]
[SourceVersion "1"]
[SourceVersionDate "2024.01.31"]
[SourceQuality "1"]

1. e4 e5 2. Nf3 Nc6 3. Bb5 f5 4. d3 fxe4 5. dxe4 Nf6 6. Bg5 Be7 7. Qe2 d6 8. c3 Be6 9. Nbd2 0-0 10. Bxf6 Bxf6 11. Bc4 d5 12. exd5 Bxd5 13. Bxd5+ Qxd5 14. 0-0 Rad8 15. Ne4 Qd3 16. Qxd3 Rxd3 17. Rfd1 Rfd8 18. Rxd3 Rxd3 19. Kf1 Kf7 20. Ke2 Rd5 21. Rd1 Rxd1 22. Kxd1 h6 23. Ke2 Ne7 24. Kd3 b6 25. Ned2 Ke6 26. Ke4 Nf5 27. g4 Nd6+ 28. Kd3 Kd5 29. Ke2 e4 30. Ne1 Bg5 31. Ng2 Bxd2 32. Kxd2 Nc4+ 33. Kc2 Ne5 34. Nf4+ Kd6 35. Nh5 Nxg4 36. Nxg7 Ke5 37. Nh5 Nxh2 38. Kd2 Ng4 39. Ke2 Nf6 40. Ng3 Kf4 41. Kf1 c5 42. Kg2 h5 43. Ne2+ Kg4 44. c4 h4 45. a3 Nh5 46. Nc3 Nf4+ 47. Kg1 Kf3 0-1

[Event "Africa zt 4.4 op"]
[Site "Antananarivo"]
[Date "2024.01.13"]
[Round "5"]
[White "Ghebrehiwet, Hannil Ghebremedhn"]
[Black "Omar Aden, Omar"]
[Result "1-0"]
[WhiteElo "1874"]
[BlackElo "1552"]
[PlyCount "77"]
[EventDate "2024.01.11"]
[EventType "swiss"]
[EventRounds "9"]
[EventCountry "MAD"]
[SourceTitle "CB05_2024"]
[SourceDate "2024.01.31"]
[SourceVersion "1"]
[SourceVersionDate "2024.01.31"]
[SourceQuality "1"]

1. c4 e6 2. Nf3 d5 3. cxd5 exd5 4. g3 Nf6 5. Bg2 Be7 6. 0-0 0-0 7. d3 h6 8. Nbd2 Nc6 9. Re1 Bf5 10. a3 a6 11. Qb3 Qd7 12. h4 Rfe8 13. Qc2 Bd6 14. Nb3 Bh3 15. Nc5 Qc8 16. e4 Bxg2 17. Kxg2 b6 18. Nb3 Qb7 19. Nbd2 Ne5 20. Nxe5 Rxe5 21. Nf3 Re6 22. e5 Rae8 23. d4 Nd7 24. exd6 Rxe1 25. Nxe1 Rxe1 26. dxc7 Qc8 27. Rb1 Nf8 28. Bf4 Re7 29. Rc1 Ne6 30. Qf5 g6 31. Qf6 Nxf4+ 32. Qxf4 Rd7 33. Rc6 h5 34. Qe5 Kh7 35. f4 Kg8 36. f5 Kh7 37. fxg6+ fxg6 38. Qe6 Rxc7 39. Qxc8 1-0